TDX Boss Music Quiz - Statistics

General Stats
  • This quiz has been taken 35 times
  • The average score is 10 of 23
Answer Stats
Hint Answer % Correct
Apex Predator Apex Predator
91%
Eradicator MK II Phuck Your Heart
86%
Eradicator Eradicator
82%
Calamity Calamity
77%
Eradicator MK IV Hellspawn
77%
Revived Plague Doctor Revived Plague Doctor
77%
Eradicator MK I Combat Teeth In
73%
Predator Zombieosis
73%
Plague Doctor Defend or be Slaughtered
68%
Exo Santa Exo Santa
50%
Nightmare Void Torture the Gods
50%
(Enraged) Corrupted Apex Predator Corrupted Apex Predator
27%
(Enraged) Corrupted Eradicator MK II Corrupted Eradicator MK II
27%
Golden Eradicator MK I Combat Au Mancubosis
23%
Nightmare Exo Santa Exo Nightmare
23%
Void From the Abyss
23%
Super Revived John Toliet MK 19X Gigaslayers Phonky Hell
18%
Golden Eradicator MK IV Mancubosis
18%
Ravager / Striker / Contemptor Soul Bound to Steel
18%
(Vile) Engineer Vindicta
18%
(Nightmare) Wretched Wretched Spawn
14%
Corrupted Predator Corrupted Predator
9%
(Nightmare) Heritic The Awakened
0%
No matching quizzes found
Score Distribution
Percent of People with Each Score
Percentile by Number Answered
Your Score History
You have not taken this quiz